[Event "EOBCC 2020"]
[Site "Online"]
[Date "2020.12.18"]
[Round "6.43"]
[White "Stocek, Jiri"]
[Black "Arabidze, Meri"]
[Result "0-1"]
[WhiteElo "2604"]
[BlackElo "2437"]
[Annotator "TA"]
[PlyCount "110"]
[EventDate "2020.12.18"]
[EventType "tourn"]
[EventCountry "NET"]
[SourceTitle "playchess.com"]
[Source "ChessBase"]
[SourceQuality "1"]

1. c4 e6 2. Nc3 d5 3. e3 Nf6 4. Nf3 c5 5. cxd5 exd5 6. Bb5+ Nc6 7. O-O Bd6 8. d4 O-O 9. dxc5 Bxc5 10. b3 Bg4 11. h3 Bh5 12. Bb2 a6 13. Be2 Qd6 14. Rc1 Ba7 15. Nh4 Bb8 16. g3 Bxe2 17. Nxe2 Qe6 18. Kg2 Re8 19. Qd3 Nb4 20. Qb1 Be5 21. Ba3 Nc6 22. Nf3 Rad8 23. Rfd1 Ne4 24. Nxe5 Qxe5 25. Bb2 Qf5 26. f3 Nd6 27. Qd3 Qxd3 28. Rxd3 Nb4 29. Rd2 Nxa2 30. Rc7 Nb4 31. Kf2 a5 32. Bc3 Na6 33. Bxa5 Nxc7 34. Bxc7 Rd7 35. Bxd6 Rxd6 36. Nd4 g6 37. g4 Rc8 38. Ra2 Ra6 39. Rd2 Rc3 40. h4 Ra1 41. g5 Rh1 42. Kg3 Rxe3 43. Rc2 Ree1 44. Rc8+ Kg7 45. Rc7 b6 46. Rb7 h5 47. Rxb6 Reg1+ 48. Kf2 Rd1 49. Rb4 Rd3 50. Ke2 Rhd1 51. Nb5 R1d2+ 52. Ke1 Rh2 53. Nd4 Re3+ 54. Kf1 Rc3 55. Kg1 Rd2 0-1

[Event "EOBCC 2020"]
[Site "Online"]
[Date "2020.12.18"]
[Round "6.44"]
[White "Grigorian, Spartak"]
[Black "Banikas, Hristos"]
[Result "0-1"]
[WhiteElo "2433"]
[BlackElo "2602"]
[Annotator "RC"]
[PlyCount "80"]
[EventDate "2020.12.18"]
[EventType "tourn"]
[EventCountry "NET"]
[SourceTitle "playchess.com"]
[Source "ChessBase"]
[SourceQuality "1"]

1. d4 Nf6 2. c4 g6 3. Nc3 Bg7 4. e4 d6 5. Nf3 O-O 6. Be2 e5 7. O-O Na6 8. Be3 Ng4 9. Bg5 Qe8 10. dxe5 dxe5 11. h3 h6 12. Bd2 Nf6 13. Be3 b6 14. Nd2 Bb7 15. Qc2 Nb4 16. Qb1 Nc6 17. Nd5 Nd4 18. Bd3 Qd8 19. f4 Nd7 20. fxe5 Ne6 21. Nf6+ Kh8 22. Nf3 Nxe5 23. Nxe5 Bxf6 24. Ng4 Bd4 25. Qc1 h5 26. Bxd4+ Qxd4+ 27. Nf2 Nc5 28. Bc2 Kg7 29. b4 Ne6 30. Bb3 c5 31. Qc2 cxb4 32. Rad1 Qc3 33. Qe2 Rad8 34. Nd3 Nd4 35. Qf2 Nxb3 36. axb3 Rxd3 37. Rxd3 Qxd3 38. Qf6+ Kg8 39. Rf5 Qxe4 40. Rg5 Re8 0-1

[Event "EOBCC 2020"]
[Site "Online"]
[Date "2020.12.18"]
[Round "6.45"]
[White "Lizak, Peter"]
[Black "Shevchenko, Kirill"]
[Result "0-1"]
[WhiteElo "2433"]
[BlackElo "2592"]
[Annotator "ChessBase"]
[PlyCount "78"]
[EventDate "2020.12.18"]
[EventType "tourn"]
[EventCountry "NET"]
[SourceTitle "playchess.com"]
[Source "ChessBase"]
[SourceQuality "1"]

1. d4 Nf6 2. Nc3 d5 3. Bf4 c5 4. e3 cxd4 5. exd4 a6 6. Nf3 Nc6 7. Ne5 e6 8. Be2 Bd6 9. Nxc6 bxc6 10. Bxd6 Qxd6 11. Na4 O-O 12. O-O Rb8 13. c3 a5 14. Qc2 Re8 15. Bd3 e5 16. dxe5 Qxe5 17. Qd2 Ng4 18. f4 Qc7 19. Rae1 Bd7 20. h3 Rxe1 21. Rxe1 Qa7+ 22. Kh1 Nf2+ 23. Kh2 Nxd3 24. Qxd3 c5 25. b3 Bxa4 26. bxa4 d4 27. Re5 Rd8 28. cxd4 cxd4 29. Qd2 d3 30. Rxa5 Qd4 31. Re5 Qxa4 32. Re1 h6 33. Kg3 Qa3 34. Re3 Qd6 35. Kf3 h5 36. Kf2 h4 37. a4 Qxf4+ 38. Kg1 Qxe3+ 39. Qxe3 d2 0-1

[Event "EOBCC 2020"]
[Site "Online"]
[Date "2020.12.18"]
[Round "6.46"]
[White "Kollars, Dmitrij"]
[Black "Petriashvili, Nikoloz"]
[Result "1-0"]
[WhiteElo "2598"]
[BlackElo "2425"]
[Annotator "TA"]
[PlyCount "109"]
[EventDate "2020.12.18"]
[EventType "tourn"]
[EventCountry "NET"]
[SourceTitle "playchess.com"]
[Source "ChessBase"]
[SourceQuality "1"]

1. e4 c6 2. Nc3 d5 3. Nf3 dxe4 4. Nxe4 Nf6 5. Qe2 Nxe4 6. Qxe4 Qd5 7. Qe3 Qe6 8. b3 f6 9. Bb2 Qxe3+ 10. fxe3 e5 11. O-O-O Bd6 12. d4 exd4 13. exd4 Bg4 14. Be2 Nd7 15. h3 Bxf3 16. Bxf3 O-O-O 17. c4 Rhe8 18. Kc2 Kc7 19. Bc3 f5 20. Rhe1 Nf6 21. d5 cxd5 22. Bxf6 gxf6 23. Bxd5 Bg3 24. Rxe8 Rxe8 25. Bf3 b6 26. b4 Re3 27. c5 bxc5 28. bxc5 Be5 29. c6 Rc3+ 30. Kb1 Bd6 31. Kb2 Re3 32. Rd5 Re5 33. Rd3 Rb5+ 34. Kc2 Ra5 35. Kb1 Rb5+ 36. Kc1 a5 37. Rd4 Rc5+ 38. Kd1 h6 39. Rh4 Bf8 40. Rd4 Bd6 41. Rh4 Bf8 42. Rh5 Re5 43. Kc2 Rc5+ 44. Kd3 Rb5 45. Rh4 Rb2 46. Rf4 Rb5 47. Rh4 Rb2 48. Rh5 Rxa2 49. Rxf5 Be7 50. Rb5 Kd6 51. Rb7 Ra3+ 52. Kc2 Ra4 53. Rd7+ Ke6 54. Bd5+ Ke5 55. c7 1-0

[Event "EOBCC 2020"]
[Site "Online"]
[Date "2020.12.18"]
[Round "6.47"]
[White "Razin, Vadim"]
[Black "Safarli, Eltaj"]
[Result "0-1"]
[WhiteElo "2428"]
[BlackElo "2598"]
[Annotator "TA"]
[PlyCount "68"]
[EventDate "2020.12.18"]
[EventType "tourn"]
[EventCountry "NET"]
[SourceTitle "playchess.com"]
[Source "ChessBase"]
[SourceQuality "1"]

1. d4 Nf6 2. Nf3 g6 3. Bg5 Bg7 4. Nbd2 O-O 5. e4 d5 6. Bd3 dxe4 7. Nxe4 Nxe4 8. Bxe4 c5 9. c3 cxd4 10. Nxd4 Qb6 11. Nb3 Nc6 12. O-O Qc7 13. Qe2 b6 14. Bh4 Bb7 15. Bg3 e5 16. Rfe1 Rae8 17. Rad1 f5 18. Bd5+ Kh8 19. Qc4 Qc8 20. Bh4 e4 21. Bxc6 Qxc6 22. Qxc6 Bxc6 23. Nd4 Bd7 24. Ne2 Be6 25. b3 h6 26. Bg3 g5 27. Bd6 Rf7 28. Nd4 Bc8 29. Nb5 Rd7 30. Bb4 a5 31. Ba3 Red8 32. Nd6 Kg8 33. c4 Bf8 34. c5 bxc5 0-1

[Event "EOBCC 2020"]
[Site "Online"]
[Date "2020.12.18"]
[Round "6.48"]
[White "Matnadze, Ana"]
[Black "Gajewski, Grzegorz"]
[Result "0-1"]
[WhiteElo "2421"]
[BlackElo "2596"]
[Annotator "ChessBase"]
[PlyCount "128"]
[EventDate "2020.12.18"]
[EventType "tourn"]
[EventCountry "NET"]
[SourceTitle "playchess.com"]
[Source "ChessBase"]
[SourceQuality "1"]

1. d4 Nf6 2. Nf3 e6 3. c4 Bb4+ 4. Bd2 a5 5. g3 O-O 6. Bg2 d5 7. O-O Be7 8. Qc2 Nbd7 9. Bg5 h6 10. Bxf6 Nxf6 11. Rd1 c6 12. Nbd2 b6 13. Ne5 Bb7 14. Rac1 Rc8 15. Qb3 c5 16. cxd5 Bxd5 17. Bxd5 exd5 18. Qb5 c4 19. b3 c3 20. Ndf3 Ne4 21. Nc6 Qd6 22. Nfe5 Bg5 23. Rc2 f6 24. f4 fxe5 25. dxe5 Qxc6 26. Qxd5+ Qxd5 27. Rxd5 Be7 28. Kg2 Rfd8 29. Rd3 Rxd3 30. exd3 Nd2 31. d4 a4 32. d5 axb3 33. axb3 Nxb3 34. d6 Bf8 35. d7 Rd8 36. e6 Nd4 37. Rxc3 Nxe6 38. Rc6 Kf7 39. Rxb6 g6 40. Rb7 Nc5 41. Rc7 Rxd7 42. Rc6 Rd3 43. Rc7+ Be7 44. Rc6 Ne4 45. f5 gxf5 46. Rxh6 Bf6 47. Rh7+ Bg7 48. Rh4 Rd2+ 49. Kf3 Kg6 50. g4 Rf2+ 51. Ke3 Bh6+ 52. Kd3 Rd2+ 53. Kc4 f4 54. Rh3 Bg7 55. Ra3 Rd4+ 56. Kb5 Rb4+ 57. Kc6 Nc3 58. h4 f3 59. Kd7 Rxg4 60. Ra6+ Kh7 61. h5 f2 62. h6 Rd4+ 63. Ke7 f1=Q 64. Re6 Qf8# 0-1

[Event "EOBCC 2020"]
[Site "Online"]
[Date "2020.12.18"]
[Round "6.49"]
[White "Balog, Imre"]
[Black "Subelj, Jan"]
[Result "0-1"]
[WhiteElo "2578"]
[BlackElo "2403"]
[Annotator "TA"]
[PlyCount "138"]
[EventDate "2020.12.18"]
[EventType "tourn"]
[EventCountry "NET"]
[SourceTitle "playchess.com"]
[Source "ChessBase"]
[SourceQuality "1"]

1. d4 Nf6 2. Nf3 e6 3. g3 b5 4. Bg2 Bb7 5. O-O c5 6. c3 a6 7. a4 cxd4 8. cxd4 Be7 9. Bg5 O-O 10. Nbd2 d6 11. Qb3 Bd5 12. Qd3 bxa4 13. Rxa4 Bc6 14. Ra2 Bb5 15. Qe3 Nd5 16. Bxe7 Nxe3 17. Bxd8 Nxf1 18. Be7 Nxd2 19. Nxd2 Re8 20. Bxa8 Rxe7 21. e3 d5 22. Ra3 Ra7 23. Rc3 Bd7 24. Bxd5 exd5 25. Nb3 g6 26. Na5 Kg7 27. f3 Be6 28. e4 Nd7 29. Kf2 Ra8 30. Rc7 Nf6 31. e5 Nd7 32. Nc6 Nf8 33. Rb7 Rc8 34. Rb6 Nd7 35. Rxa6 Nb8 36. Nxb8 Rxb8 37. Ra2 Rb3 38. g4 Rd3 39. Ra4 Rd2+ 40. Kg3 Rxb2 41. h4 h5 42. gxh5 gxh5 43. Kf4 Kg6 44. Ra1 Rh2 45. Rg1+ Kh6 46. Rg8 Rxh4+ 47. Ke3 Rh3 48. Kf4 Rh4+ 49. Ke3 Rh1 50. f4 Rh3+ 51. Kd2 h4 52. Ke2 Rh2+ 53. Kf3 h3 54. Rh8+ Kg7 55. Rh5 Ra2 56. f5 Bd7 57. Kg3 h2 58. f6+ Kg6 59. Rh8 Kf5 60. Rh4 Be6 61. Rf4+ Kg5 62. Rf1 Bf5 63. Rh1 Be4 64. Rxh2 Rxh2 65. Kxh2 Bf5 66. Kg3 Bd7 67. Kf3 Kf5 68. Ke3 Kg4 69. Kd3 Kf4 0-1

[Event "EOBCC 2020"]
[Site "Online"]
[Date "2020.12.18"]
[Round "6.50"]
[White "Pantzar, Milton"]
[Black "Bogner, Sebastian"]
[Result "0-1"]
[WhiteElo "2421"]
[BlackElo "2577"]
[Annotator "TA"]
[PlyCount "72"]
[EventDate "2020.12.18"]
[EventType "tourn"]
[EventCountry "NET"]
[SourceTitle "playchess.com"]
[Source "ChessBase"]
[SourceQuality "1"]

1. d4 Nf6 2. c4 e6 3. Nc3 Bb4 4. f3 c5 5. d5 Nh5 6. Nh3 f5 7. Bg5 Qa5 8. Bd2 d6 9. a3 Bxc3 10. Bxc3 Qd8 11. e4 O-O 12. Bd3 fxe4 13. Bxe4 e5 14. Nf2 Nd7 15. Qc2 Ndf6 16. O-O-O Nxe4 17. Nxe4 Nf4 18. g3 Nh3 19. Rdf1 Bf5 20. Qg2 Qd7 21. Bd2 Rf7 22. g4 Bxe4 23. fxe4 Nf4 24. Bxf4 exf4 25. e5 dxe5 26. h3 b5 27. Qc2 Re8 28. Qe4 bxc4 29. Rh2 Rd8 30. Rd1 Qd6 31. Qxc4 f3 32. Rf2 Rf4 33. Qc2 e4 34. Re1 Qxd5 35. Re3 Qd4 36. Qd2 Qxd2+ 0-1

[Event "EOBCC 2020"]
[Site "Online"]
[Date "2020.12.18"]
[Round "6.51"]
[White "Svane, Frederik"]
[Black "Asadli, Vugar"]
[Result "0-1"]
[WhiteElo "2421"]
[BlackElo "2572"]
[Annotator "TA"]
[PlyCount "76"]
[EventDate "2020.12.18"]
[EventType "tourn"]
[EventCountry "NET"]
[SourceTitle "playchess.com"]
[Source "ChessBase"]
[SourceQuality "1"]

1. e4 g6 2. d4 Bg7 3. Nf3 d6 4. Bd3 Nd7 5. O-O e5 6. c3 Ngf6 7. Nbd2 O-O 8. h3 b6 9. a4 a6 10. dxe5 dxe5 11. Qe2 Bb7 12. Bc2 Nh5 13. g3 Qe7 14. b3 Rfd8 15. Nc4 h6 16. Rd1 Nhf6 17. Kg2 Nc5 18. Ba3 Nfd7 19. Ne3 Qe6 20. Nd5 Bxd5 21. exd5 Qe8 22. b4 Nb7 23. Bd3 Nd6 24. Bxa6 e4 25. Nd4 e3 26. Bd3 exf2 27. Qxf2 Rxa4 28. Bb2 Rxa1 29. Rxa1 Ne5 30. Bf1 Ndc4 31. Re1 Qd7 32. Kh2 Qxd5 33. Bg2 Qd6 34. Nb5 Qd2 35. Re2 Qd1 36. Nd4 Nxb2 37. Rxb2 Nd3 38. Qe2 Nxb2 0-1

[Event "EOBCC 2020"]
[Site "Online"]
[Date "2020.12.18"]
[Round "6.52"]
[White "Agrest, Evgenij"]
[Black "Gavrilescu, David"]
[Result "0-1"]
[WhiteElo "2568"]
[BlackElo "2476"]
[Annotator "ChessBase"]
[PlyCount "150"]
[EventDate "2020.12.18"]
[EventType "tourn"]
[EventCountry "NET"]
[SourceTitle "playchess.com"]
[Source "ChessBase"]
[SourceQuality "1"]

1. Nf3 d5 2. e3 Nf6 3. c4 e6 4. b3 Bd6 5. Bb2 O-O 6. Nc3 b6 7. g3 Bb7 8. Bg2 a6 9. O-O Nbd7 10. d4 Qe7 11. Re1 Rfe8 12. Rc1 Rac8 13. Qc2 dxc4 14. bxc4 e5 15. Qb1 c5 16. d5 b5 17. e4 b4 18. Nd1 Qd8 19. Ne3 a5 20. Nd2 g6 21. Rf1 Nh5 22. Qd3 a4 23. Qe2 Rc7 24. Bh3 Ndf6 25. f3 Bc8 26. Bxc8 Qxc8 27. Ng2 Rce7 28. Rf2 Rb7 29. Nf1 Bf8 30. Nfe3 Bh6 31. Rcf1 a3 32. Ba1 b3 33. axb3 Rxb3 34. Nc2 Qa6 35. Nge1 a2 36. Nd3 Nd7 37. Nb2 Reb8 38. Nd1 Rb1 39. Nc3 Qa5 40. Nb5 Qa4 41. Nca3 Rb3 42. Nc2 Nb6 43. Bxe5 Re8 44. Ba1 Qxc4 45. Nd6 Qxe2 46. Rxe2 Ra8 47. f4 Bg7 48. e5 Nxd5 49. Ne4 c4 50. Nc5 Rb1 51. Kg2 Rab8 52. Ne4 Rxf1 53. Kxf1 Rb1+ 54. Kg2 Nhxf4+ 55. gxf4 Nxf4+ 56. Kf3 Nxe2 57. Kxe2 Rxa1 58. Nxa1 Bxe5 59. Nc2 a1=Q 60. Nxa1 Bxa1 61. h3 Be5 62. Nd2 c3 63. Nf3 Bf6 64. Kd3 h5 65. Ne1 g5 66. Nc2 Kg7 67. Ne3 Kg6 68. Ke4 Bg7 69. Kd3 f5 70. Nd5 f4 71. Nb4 g4 72. hxg4 hxg4 73. Ke4 Kg5 74. Nd3 c2 75. Nc1 Bb2 0-1

[Event "EOBCC 2020"]
[Site "Online"]
[Date "2020.12.18"]
[Round "6.53"]
[White "Thybo, Jesper Sondergaard"]
[Black "Piesik, Piotr"]
[Result "1-0"]
[WhiteElo "2565"]
[BlackElo "2400"]
[Annotator "TA"]
[PlyCount "93"]
[EventDate "2020.12.18"]
[EventType "tourn"]
[EventCountry "NET"]
[SourceTitle "playchess.com"]
[Source "ChessBase"]
[SourceQuality "1"]

1. Nf3 g6 2. c4 Bg7 3. Nc3 d6 4. d4 Nd7 5. e4 e5 6. Be2 Ngf6 7. O-O O-O 8. Re1 exd4 9. Nxd4 Re8 10. Bf1 Nc5 11. f3 c6 12. Be3 a5 13. Qd2 a4 14. Rad1 Qa5 15. Nc2 Bf8 16. Qf2 Nfd7 17. h3 Nb6 18. Bf4 Be6 19. Bxd6 Bxd6 20. Rxd6 Bxc4 21. Red1 Ne6 22. f4 Bxf1 23. Qxf1 Qc5+ 24. Kh1 Nc4 25. Rd7 Nf8 26. Rxb7 a3 27. b4 Nd2 28. bxc5 Nxf1 29. Rxf1 Ne6 30. Rb3 Nxc5 31. Rxa3 Rxa3 32. Nxa3 Nxe4 33. Nxe4 Rxe4 34. Nb1 Re2 35. a4 c5 36. Rc1 Re4 37. Nc3 Rxf4 38. a5 Rf6 39. Nd5 Rf2 40. Rxc5 Ra2 41. Nb4 Ra1+ 42. Kh2 Kf8 43. a6 Ke7 44. Rc7+ Kd6 45. Rxf7 Ra4 46. a7 Kc5 47. Nd3+ 1-0

[Event "EOBCC 2020"]
[Site "Online"]
[Date "2020.12.18"]
[Round "6.54"]
[White "Grunberg, Mihai-Lucian"]
[Black "Grigoriants, Sergey"]
[Result "0-1"]
[WhiteElo "2401"]
[BlackElo "2546"]
[Annotator "ChessBase"]
[PlyCount "56"]
[EventDate "2020.12.18"]
[EventType "tourn"]
[EventCountry "NET"]
[SourceTitle "playchess.com"]
[Source "ChessBase"]
[SourceQuality "1"]

1. Nf3 d5 2. c4 d4 3. e3 Nc6 4. d3 e5 5. a3 a5 6. exd4 exd4 7. g3 Nf6 8. Bg2 Be7 9. O-O O-O 10. Re1 Re8 11. Bg5 Nd7 12. Bxe7 Rxe7 13. Rxe7 Qxe7 14. Nbd2 Nc5 15. Qc2 Bf5 16. Re1 Qd6 17. Bf1 h6 18. Nb3 Ne6 19. c5 Qd5 20. Nh4 a4 21. Nd2 Bh7 22. Rc1 g5 23. Bg2 Qd7 24. Nhf3 Ra5 25. Nc4 Rxc5 26. Qxa4 Bxd3 27. Ne1 Be2 28. Qa8+ Ncd8 0-1

[Event "EOBCC 2020"]
[Site "Online"]
[Date "2020.12.18"]
[Round "6.55"]
[White "Gazik, Viktor"]
[Black "Sorensen, Hampus"]
[Result "0-1"]
[WhiteElo "2542"]
[BlackElo "2395"]
[Annotator "ChessBase"]
[PlyCount "134"]
[EventDate "2020.12.18"]
[EventType "tourn"]
[EventCountry "NET"]
[SourceTitle "playchess.com"]
[Source "ChessBase"]
[SourceQuality "1"]

1. e4 e5 2. Nf3 Nc6 3. Bb5 a6 4. Ba4 Nf6 5. O-O Bc5 6. c3 b5 7. Bc2 d5 8. d4 dxe4 9. Nxe5 Nxe5 10. dxe5 Qxd1 11. Bxd1 Ng4 12. Bf4 e3 13. Bxe3 Nxe3 14. fxe3 Bxe3+ 15. Kh1 O-O 16. a4 Be6 17. axb5 axb5 18. Rxa8 Rxa8 19. Na3 Rb8 20. Nc2 Bc5 21. b4 Bb6 22. Be2 c6 23. Bf3 c5 24. h3 g6 25. Ra1 cxb4 26. Nxb4 Bc7 27. Nc6 Re8 28. Ra7 Bb6 29. Rb7 Bf2 30. g4 Be1 31. Rxb5 Bxc3 32. Rc5 Bd2 33. Rc2 Bf4 34. Rf2 Bg3 35. Rf1 Kg7 36. Kg2 Bh4 37. Ra1 Bd7 38. Ra5 Bxc6 39. Bxc6 Re7 40. Kf3 Be1 41. Rb5 Bc3 42. Kf4 Bd2+ 43. Ke4 Bc3 44. Rc5 Bb2 45. g5 h6 46. h4 Ba3 47. Ra5 Bb4 48. Rb5 Be1 49. gxh6+ Kxh6 50. Kd5 Bxh4 51. Kd6 Re6+ 52. Kd7 Kg7 53. Rd5 Bg3 54. Rd3 Bxe5 55. Bd5 Rd6+ 56. Ke7 Rf6 57. Re3 Bd6+ 58. Kd7 Bc5 59. Rd3 g5 60. Bc4 Rf4 61. Bb3 Bd4 62. Kd6 Bf6 63. Kd5 g4 64. Bd1 Kg6 65. Rg3 Kg5 66. Rg2 Rd4+ 67. Kc6 Rxd1 0-1

[Event "EOBCC 2020"]
[Site "Online"]
[Date "2020.12.18"]
[Round "6.56"]
[White "Megalios, Konstantinos"]
[Black "Gumularz, Szymon"]
[Result "0-1"]
[WhiteElo "2390"]
[BlackElo "2516"]
[Annotator "ChessBase"]
[PlyCount "38"]
[EventDate "2020.12.18"]
[EventType "tourn"]
[EventCountry "NET"]
[SourceTitle "playchess.com"]
[Source "ChessBase"]
[SourceQuality "1"]

1. d4 Nf6 2. c4 e6 3. g3 d5 4. Bg2 Be7 5. Nf3 O-O 6. O-O dxc4 7. Qc2 b5 8. a4 b4 9. Nbd2 Bb7 10. Rd1 Nbd7 11. Nxc4 c5 12. Bg5 Rc8 13. Nfe5 Bxg2 14. Kxg2 Qc7 15. Bxf6 Nxf6 16. dxc5 Qxc5 17. Qd3 h5 18. Qf3 Ng4 19. Qe4 Qxf2+ 0-1

[Event "EOBCC 2020"]
[Site "Online"]
[Date "2020.12.18"]
[Round "6.57"]
[White "Bashirli, Nail"]
[Black "Livaic, Leon"]
[Result "0-1"]
[WhiteElo "2382"]
[BlackElo "2507"]
[Annotator "ChessBase"]
[PlyCount "54"]
[EventDate "2020.12.18"]
[EventType "tourn"]
[EventCountry "NET"]
[SourceTitle "playchess.com"]
[Source "ChessBase"]
[SourceQuality "1"]

1. e4 c5 2. Nf3 d6 3. Nc3 a6 4. d4 cxd4 5. Nxd4 Nf6 6. Bc4 e6 7. Bg5 b5 8. Bb3 Be7 9. Qe2 O-O 10. O-O-O Qb6 11. f4 h6 12. Bh4 Qb7 13. e5 dxe5 14. fxe5 Nh7 15. Bxe7 Qxe7 16. Rhf1 Bb7 17. Ne4 Nd7 18. Nd6 Nc5 19. Kb1 Rad8 20. Rf4 Nxb3 21. axb3 Bd5 22. N4f5 exf5 23. Rxd5 g6 24. g4 Nf6 25. Rd1 Nxg4 26. Re1 Qxe5 27. Qxg4 Qxe1+ 0-1

[Event "EOBCC 2020"]
[Site "Online"]
[Date "2020.12.18"]
[Round "6.58"]
[White "Meissner, Felix"]
[Black "Krzyzanowski, Marcin"]
[Result "0-1"]
[WhiteElo "2362"]
[BlackElo "2503"]
[Annotator "ChessBase"]
[PlyCount "120"]
[EventDate "2020.12.18"]
[EventType "tourn"]
[EventCountry "NET"]
[SourceTitle "playchess.com"]
[Source "ChessBase"]
[SourceQuality "1"]

1. e4 e5 2. Nf3 Nc6 3. d4 exd4 4. Nxd4 Bc5 5. Nf5 g6 6. Ne3 d6 7. Nc3 Nf6 8. Bd3 O-O 9. O-O Ne5 10. Kh1 Nfg4 11. Nxg4 Nxg4 12. Qf3 Qh4 13. h3 Nxf2+ 14. Kh2 Be6 15. Bf4 Ng4+ 16. Kh1 Ne5 17. Qg3 Qxg3 18. Bxg3 a6 19. Rad1 Nxd3 20. cxd3 Bd4 21. a3 b5 22. Rd2 Rab8 23. Ne2 Bb6 24. Nf4 Kg7 25. Bh4 Bb3 26. d4 Rbe8 27. Rf3 Rxe4 28. Bg3 f5 29. Rxb3 Rfe8 30. Kh2 Bxd4 31. Rc2 c5 32. Nd5 c4 33. Rf3 Re2 34. Rxe2 Rxe2 35. Bxd6 Rxb2 36. Rf4 Bf6 37. Nxf6 Kxf6 38. Bb4 Rb3 39. Rd4 a5 40. Bxa5 Rxa3 41. Bd8+ Ke5 42. Rd7 c3 43. Rc7 b4 44. Rc4 Ra4 45. Be7 Kd5 46. Rc5+ Ke6 47. Bf8 Ra8 48. Bg7 Rb8 49. Bxc3 bxc3 50. Rxc3 f4 51. Rc5 Rb2 52. Rc3 Ke5 53. Ra3 h5 54. h4 Kf5 55. Kh3 Rb5 56. Rc3 Re5 57. g3 Re3 58. Rc5+ Kf6 59. Rc6+ Kg7 60. Rc7+ Kh6 0-1

[Event "EOBCC 2020"]
[Site "Online"]
[Date "2020.12.18"]
[Round "6.59"]
[White "Budisavljevic, Luka"]
[Black "Can, Isik"]
[Result "0-1"]
[WhiteElo "2492"]
[BlackElo "2380"]
[Annotator "ChessBase"]
[PlyCount "76"]
[EventDate "2020.12.18"]
[EventType "tourn"]
[EventCountry "NET"]
[SourceTitle "playchess.com"]
[Source "ChessBase"]
[SourceQuality "1"]

1. d4 d5 2. Bf4 c5 3. e3 cxd4 4. exd4 Nc6 5. c3 Bf5 6. Nf3 e6 7. Qb3 Qd7 8. Nbd2 Nge7 9. Bg3 Ng6 10. Be2 h5 11. Ne5 Ncxe5 12. Bxe5 a6 13. h3 Bd6 14. Bxd6 Qxd6 15. Qa4+ Ke7 16. a3 Nf4 17. Bf1 a5 18. g3 Nd3+ 19. Bxd3 Bxd3 20. Qd1 h4 21. Qf3 Qa6 22. O-O-O Rhc8 23. Rhe1 Bg6 24. Qxd5 Qd3 25. Qb3 Kf8 26. Ne4 Qf3 27. Ng5 Qf5 28. Ne4 hxg3 29. Nd6 Qf4+ 30. Re3 Qxd6 31. Rxg3 a4 32. Qb4 Qxb4 33. axb4 a3 34. bxa3 Rxa3 35. Kb2 Rca8 36. Kc1 Ra2 37. Rd2 Ra1+ 38. Kb2 Rb1# 0-1

[Event "EOBCC 2020"]
[Site "Online"]
[Date "2020.12.18"]
[Round "6.60"]
[White "Klenburg, Michael"]
[Black "Jakubowski, Krzysztof"]
[Result "1-0"]
[WhiteElo "2346"]
[BlackElo "2497"]
[Annotator "ChessBase"]
[PlyCount "111"]
[EventDate "2020.12.18"]
[EventType "tourn"]
[EventCountry "NET"]
[SourceTitle "playchess.com"]
[Source "ChessBase"]
[SourceQuality "1"]

1. g3 d5 2. Bg2 e5 3. d3 c6 4. Nf3 Bd6 5. O-O Nf6 6. c4 dxc4 7. dxc4 O-O 8. Nc3 h6 9. Qc2 Qe7 10. Nh4 a5 11. Nf5 Bxf5 12. Qxf5 Nbd7 13. Qc2 Bc5 14. e3 Rfe8 15. b3 e4 16. Bb2 Ba3 17. Bxa3 Qxa3 18. Nxe4 Nxe4 19. Bxe4 a4 20. Rab1 Nc5 21. Bh7+ Kf8 22. Bf5 axb3 23. axb3 Qb4 24. Bg4 Red8 25. Qh7 Qc3 26. b4 Nd3 27. b5 c5 28. Bf3 Rab8 29. Bd5 Nb4 30. Rbd1 Nxd5 31. cxd5 Qe5 32. e4 Ke7 33. f4 Qf6 34. e5 Qg6 35. Qxg6 fxg6 36. g4 Ra8 37. f5 gxf5 38. gxf5 Ra4 39. d6+ Kd7 40. e6+ Ke8 41. e7 Rda8 42. f6 gxf6 43. Rxf6 Kd7 44. Rf8 c4 45. Re1 Kxd6 46. Rxa8 Rxa8 47. e8=Q Rxe8 48. Rxe8 Kc5 49. Kf2 Kxb5 50. Ke2 Kb4 51. Kd2 b5 52. Kc2 Kc5 53. Rc8+ Kd4 54. Rd8+ Kc5 55. Rh8 b4 56. Rxh6 1-0

[Event "EOBCC 2020"]
[Site "Online"]
[Date "2020.12.18"]
[Round "6.61"]
[White "Hayrapetyan, Hovik"]
[Black "Rieger, Robert"]
[Result "1-0"]
[WhiteElo "2488"]
[BlackElo "2326"]
[Annotator "ChessBase"]
[PlyCount "91"]
[EventDate "2020.12.18"]
[EventType "tourn"]
[EventCountry "NET"]
[SourceTitle "playchess.com"]
[Source "ChessBase"]
[SourceQuality "1"]

1. d4 d5 2. Nf3 Nf6 3. c4 c6 4. Nc3 dxc4 5. a4 Bf5 6. e3 e6 7. Bxc4 Bb4 8. O-O Nbd7 9. Qb3 Qe7 10. Na2 Bd6 11. Qxb7 O-O 12. Qa6 e5 13. dxe5 Nxe5 14. Be2 Nfg4 15. Nxe5 Qxe5 16. g3 Qf6 17. Qxc6 Nxh2 18. Rd1 Rad8 19. Bd2 Bg4 20. Bc3 Qh6 21. Bxg4 Nxg4 22. Qf3 Ne5 23. Bxe5 Bxe5 24. Nc3 Bxc3 25. bxc3 Qa6 26. Rd4 Rc8 27. e4 h6 28. Rad1 Qb6 29. e5 Qc5 30. Re4 Qxc3 31. Qxc3 Rxc3 32. Rd7 a5 33. Rd5 Ra8 34. e6 fxe6 35. Rxe6 Rc4 36. Rd7 Rg4 37. Kg2 h5 38. f3 Rg5 39. Kh3 Rf8 40. f4 Rg4 41. Re5 g6 42. Rxa5 Rc8 43. Raa7 g5 44. Rg7+ Kh8 45. Rh7+ Kg8 46. Rxh5 1-0

[Event "EOBCC 2020"]
[Site "Online"]
[Date "2020.12.18"]
[Round "6.62"]
[White "Aliyev, Ravan"]
[Black "Roshka, Yevgeniy"]
[Result "1-0"]
[WhiteElo "2330"]
[BlackElo "2476"]
[Annotator "ChessBase"]
[PlyCount "115"]
[EventDate "2020.12.18"]
[EventType "tourn"]
[EventCountry "NET"]
[SourceTitle "playchess.com"]
[Source "ChessBase"]
[SourceQuality "1"]

1. d4 g6 2. c4 Bg7 3. Nc3 d6 4. g3 e5 5. e3 Nc6 6. d5 Nce7 7. Bg2 f5 8. Nge2 Nf6 9. O-O O-O 10. Qc2 e4 11. b3 c5 12. Bb2 g5 13. f3 exf3 14. Bxf3 Ng6 15. Bg2 Ng4 16. Nd1 N6e5 17. h3 Nf6 18. Nf2 Qe8 19. Rae1 Qh5 20. Bxe5 dxe5 21. e4 g4 22. hxg4 fxg4 23. Nc1 Bd7 24. Ncd3 b6 25. a3 Rac8 26. b4 cxb4 27. axb4 Bb5 28. c5 bxc5 29. bxc5 Nd7 30. Rb1 a6 31. Rxb5 axb5 32. c6 Bh6 33. Qb3 Nf6 34. d6+ Qf7 35. Qxf7+ Kxf7 36. Nxe5+ Ke6 37. Nfxg4 Kxd6 38. Nxf6 Be3+ 39. Kh2 Rxf6 40. Rxf6+ Kxe5 41. Rf5+ Ke6 42. Rf3 Bd4 43. Bh3+ Ke5 44. Bxc8 Kxe4 45. Rf4+ Kd5 46. Rxd4+ Kxd4 47. c7 Kc5 48. Be6 Kb6 49. c8=Q h5 50. Qd7 h4 51. gxh4 b4 52. Qd5 b3 53. Qxb3+ Ka5 54. Qb2 Ka6 55. Bc4+ Ka7 56. Kg3 Ka8 57. Bd5+ Ka7 58. Qb7# 1-0

[Event "EOBCC 2020"]
[Site "Online"]
[Date "2020.12.18"]
[Round "6.63"]
[White "Iskusnyh, Sergei"]
[Black "Brozyna, Mateusz"]
[Result "1-0"]
[WhiteElo "2473"]
[BlackElo "2312"]
[Annotator "ChessBase"]
[PlyCount "87"]
[EventDate "2020.12.18"]
[EventType "tourn"]
[EventCountry "NET"]
[SourceTitle "playchess.com"]
[Source "ChessBase"]
[SourceQuality "1"]

1. d4 d5 2. c4 c6 3. Nf3 Nf6 4. e3 Bg4 5. h3 Bxf3 6. Qxf3 e6 7. Nc3 Bb4 8. Bd3 Nbd7 9. O-O O-O 10. a3 Bxc3 11. bxc3 e5 12. Qd1 e4 13. Be2 Re8 14. Qb3 Qc7 15. cxd5 cxd5 16. c4 dxc4 17. Bxc4 Nb6 18. Be2 Rac8 19. a4 Qc2 20. Qxc2 Rxc2 21. Bd1 Rc4 22. a5 Nbd5 23. Rb1 Rec8 24. Bd2 R4c7 25. Rb5 b6 26. Bb3 Rd7 27. axb6 Nxb6 28. Ra1 Nfd5 29. Rc5 Rcc7 30. Ba5 g6 31. Bxd5 Rxc5 32. dxc5 Nxd5 33. c6 Rd6 34. Rc1 Ne7 35. c7 Nc8 36. Rb1 Ne7 37. Rb8+ Kg7 38. c8=Q Nxc8 39. Rxc8 Rd7 40. g4 h6 41. Kg2 f5 42. Kg3 fxg4 43. hxg4 Rf7 44. Bc3+ 1-0